00669nam a2200169 a 450000100100000000500170001000800410002702000150006804000250008308200150010810000350012324501220015826000770028030000280035750000730038550400410045800001645420200929164922.0100305s1998 dr a 000 0 spa d z9788156783 aDO-SdBNPbspacBNPHU axxxbM425g1 aMateo Dicló, Luisa América10aGuía de animación sociocultural :bel vínculo entre la escuela y la comunidad /cLuisa América Mateo Dicló. aSanto Domingo :bSecretaría de Estado de Educación y cultura,c1998. a107 p. :bil. ;c28 cm. aIncluye datos biográficos de la autora en la solapa de la cubierta aIncluye bibliografías [p. 105-106]